[Event "Snorlax # 13"]
[Site "SchemingMind.com"]
[Date "2008.12.17"]
[Round "-"]
[White "Joe Daudish"]
[Black "july"]
[Result "1-0"]
[WhiteCountry "USA"]
[BlackCountry "ARG"]
[WhiteElo "1721"]
[WhiteRD "47"]
[BlackElo "1115"]
[BlackRD "94"]
[GameID "183916"]

1. d4 e6 2. Nf3 Bb4+ 3. Bd2 a5 4. e3 d6 5. c3 c5 6. cxb4 b6 7. bxc5 Ba6 8. Bxa6 Rxa6 9. cxd6 Qxd6 10. Nc3 Nf6
11. O-O h6 12. Qa4+ Qc6 13. Qxc6+ Nxc6 14. Nb5 Nd7 15. Nc7+ Kd8 16. Nxa6 Ndb8 17. Nxb8 Nxb8 18. Rac1 Re8 19. b4 Ke7 20. Ne5 Rd8
21. Nc6+ Kd6 22. Nxb8 Rxb8 23. bxa5 e5 24. dxe5+ Kxe5 25. axb6 Rxb6 26. Bc3+ Kd6 27. Bxg7 Ke6 28. Bxh6 Kd6 29. Rfd1+ Ke6 30. Bf4 Ra6
31. Rd6+ Rxd6 32. Bxd6 Kxd6 33. a4 Ke6 34. a5 f5 35. a6
1-0

[Event "Snorlax # 13"]
[Site "SchemingMind.com"]
[Date "2008.12.20"]
[Round "-"]
[White "desmondw"]
[Black "Zugzwang"]
[Result "1-0"]
[WhiteCountry "IRL"]
[BlackCountry "CAN"]
[WhiteElo "1721"]
[WhiteRD "80"]
[BlackElo "1457"]
[BlackRD "60"]
[GameID "183989"]

1. c4 c5 2. Nf3 Nc6 3. Nc3 g6 4. d3 Bg7 5. e4 d6 6. g3 Nf6 7. Bg2 O-O 8. O-O e5 9. b3 Bg4 10. Nd5 Nh5
11. Be3 b6 12. h3 Bxf3 13. Bxf3 Nd4 14. Bxh5 gxh5 15. Qxh5 Kh8 16. Bh6 Bxh6 17. Qxh6 Rg8 18. Nf6 Rg7 19. Nh5 Rg6 20. Qe3 Qh4
21. g4 Nc2 22. Qg3 Qxg3+ 23. fxg3 Nxa1 24. Rxa1 Rh6 25. Rf1 Rf8 26. h4 a5 27. a4 f6 28. Kg2 Rg6 29. g5 Rfg8 30. Nxf6 d5
31. Nxg8 Rxg8 32. exd5 Rd8 33. Rf6 Rb8 34. Re6 Kg7 35. Rxe5 h6 36. gxh6+ Kxh6 37. Kh3 b5 38. cxb5 c4 39. dxc4 Kh7 40. d6 Kg8
41. c5
1-0

[Event "Snorlax # 13"]
[Site "SchemingMind.com"]
[Date "2008.12.20"]
[Round "-"]
[White "desmondw"]
[Black "e_castle3"]
[Result "1-0"]
[WhiteCountry "IRL"]
[BlackCountry "PHI"]
[WhiteElo "1721"]
[WhiteRD "80"]
[BlackElo "1742"]
[BlackRD "71"]
[GameID "183990"]

1. d4 d5 2. Nc3 Nf6 3. Nf3 Bg4 4. h3 Bh5 5. Bf4 e6 6. e3 a6 7. Be2 Bd6 8. O-O h6 9. Ne5 Bxe2 10. Qxe2 Bxe5
11. Bxe5 Nbd7 12. Bxf6 Nxf6 13. Rad1 O-O 14. e4 dxe4 15. Nxe4 c6 16. c4 Qc7 17. Nxf6+ gxf6 18. d5 Rfe8 19. Qg4+ Kh7 20. d6 Qd7
21. c5
1-0

[Event "Snorlax # 13"]
[Site "SchemingMind.com"]
[Date "2008.12.18"]
[Round "-"]
[White "desmondw"]
[Black "july"]
[Result "1-0"]
[WhiteCountry "IRL"]
[BlackCountry "ARG"]
[WhiteElo "1721"]
[WhiteRD "80"]
[BlackElo "1115"]
[BlackRD "94"]
[GameID "183991"]

1. d4 e6 2. Nf3 Bb4+ 3. c3 Ba5 4. Bd2 d6 5. g3 e5 6. dxe5 Bg4 7. Bg2 Nc6 8. O-O dxe5 9. b4 Bb6 10. b5 Na5
11. Nxe5 h5 12. Nxg4 hxg4 13. e3 Nf6 14. Na3 Rb8 15. e4 O-O 16. e5 Qe7 17. exf6 gxf6 18. Qxg4+ Kh8 19. Qh4+ Kg7 20. Be4 Rfe8
21. Qh7+ Kf8 22. Qh8#
1-0

[Event "Snorlax # 13"]
[Site "SchemingMind.com"]
[Date "2008.12.21"]
[Round "-"]
[White "desmondw"]
[Black "Keith Kelchner"]
[Result "0-1"]
[WhiteCountry "IRL"]
[BlackCountry "USA"]
[WhiteElo "1721"]
[WhiteRD "80"]
[BlackElo "1660"]
[BlackRD "82"]
[GameID "183992"]

1. d4 d5 2. Nc3 Nf6 3. Nf3 Nc6 4. b3 Nb4 5. e3 Bf5 6. Bd3 Bxd3 7. cxd3 e6 8. e4 dxe4 9. dxe4 c5 10. d5 exd5
11. exd5 Nfxd5 12. Nxd5 Nxd5 13. O-O Be7 14. Re1 O-O 15. Ba3 b6 16. Qd2 Nf6 17. Re3 Qxd2 18. Nxd2 Nd5 19. Rg3 Nc3 20. Re1 Nd5
21. Bb2 f6 22. Rd3 Nb4 23. Rd7 Rad8 24. Rdxe7 Rxd2 25. R7e2 Rxe2 26. Rxe2 Nxa2 27. Bxf6 Rxf6 28. Rxa2 a5 29. h4 h5 30. g3 Rf3
31. Ra3 c4
0-1

[Event "Snorlax # 13"]
[Site "SchemingMind.com"]
[Date "2008.12.21"]
[Round "-"]
[White "desmondw"]
[Black "baobab"]
[Result "1-0"]
[WhiteCountry "IRL"]
[BlackCountry "ITA"]
[WhiteElo "1721"]
[WhiteRD "80"]
[BlackElo "1756"]
[BlackRD "76"]
[GameID "183993"]

1. e4 c6 2. d4 d5 3. Nc3 e6 4. Bd3 c5 5. dxc5 Bxc5 6. Be3 Bxe3 7. fxe3 Qb6 8. exd5 Qxe3+ 9. Nge2 Nf6 10. dxe6 Qxe6
11. O-O O-O 12. Qd2 Nc6 13. Rae1 Qg4 14. Rf3 Ne5 15. Rg3 Qb4 16. Qg5 Qc5+ 17. Kh1 Bg4 18. h3 Qf2 19. Qxe5 Rfe8 20. Qf4 Qxe1+
21. Kh2 Nh5 22. Qxg4 g6 23. Qxh5 Kh8 24. Qf3 Rad8 25. Qf6+ Kg8 26. Rf3 Rd7 27. Bb5 Re6 28. Bxd7 Rxf6 29. Rxf6 Kg7 30. Rf4 Qa1
31. Rb4 b6 32. Bc6 Qe1 33. Rd4 h5 34. Bf3 Qf2 35. b4 Kh6 36. Ne4 Qe3 37. Rd3
1-0

[Event "Snorlax # 13"]
[Site "SchemingMind.com"]
[Date "2008.12.20"]
[Round "-"]
[White "desmondw"]
[Black "Joe Daudish"]
[Result "0-1"]
[WhiteCountry "IRL"]
[BlackCountry "USA"]
[WhiteElo "1649"]
[WhiteRD "89"]
[BlackElo "1746"]
[BlackRD "43"]
[GameID "183994"]

1. d4 d5 2. Nc3 e6 3. e4 Ne7 4. Nf3 Ng6 5. Bd3 c6 6. O-O Be7 7. e5 c5 8. dxc5 Bxc5 9. Be3 Bxe3 10. fxe3 O-O
11. Ne2 Nc6 12. Bxg6 fxg6 13. Rc1 Bd7 14. Ned4 Qc7 15. Nb5 Qb6 16. Nfd4 Nxe5 17. a4 a6 18. Nc3 Nc6 19. b3 Nxd4 20. Rxf8+ Rxf8
21. Qxd4 Qxd4 22. exd4 Rf4 23. Ne2 Rf5 24. c4 dxc4 25. Rxc4 Bc6 26. g3 Rf3 27. Nc3 Kf7 28. b4 Ke7 29. b5 axb5 30. axb5 Bd7
31. b6 Bc6 32. Ne2 Rb3
0-1

[Event "Snorlax # 13"]
[Site "SchemingMind.com"]
[Date "2008.12.20"]
[Round "-"]
[White "Zugzwang"]
[Black "desmondw"]
[Result "0-1"]
[WhiteCountry "CAN"]
[BlackCountry "IRL"]
[WhiteElo "1491"]
[WhiteRD "59"]
[BlackElo "1649"]
[BlackRD "89"]
[GameID "183995"]

1. d4 d5 2. Nf3 Nc6 3. e3 Nf6 4. Bd3 Bg4 5. c4 dxc4 6. Bxc4 e6 7. Qb3 Na5 8. Qb5+ Nc6 9. Qxb7 Nb4 10. Bb5+ Nd7
11. Ba4 Nd3+ 12. Kd2 Nxf2 13. Ne5 Rb8 14. Bxd7+ Ke7 15. Qxb8 Qxb8 16. Nc6+ Kf6 17. Nxb8 Bb4+ 18. Kc2 Nxh1 19. Nc6 Nf2 20. Nc3 Bf5+
21. e4 Nxe4 22. Nxe4+ Bxe4+ 23. Kb3 Bd6 24. Bd2 Bxh2 25. Nxa7 Bxg2 26. Bc3 Rb8+ 27. Kc2 Ke7 28. Bb5 g5 29. Nc6+ Bxc6 30. Bxc6 g4
31. a3 g3 32. Rf1 Rg8 33. Bb4+ Kd8 34. Rxf7 g2
0-1

[Event "Snorlax # 13"]
[Site "SchemingMind.com"]
[Date "2008.12.20"]
[Round "-"]
[White "e_castle3"]
[Black "desmondw"]
[Result "1-0"]
[WhiteCountry "PHI"]
[BlackCountry "IRL"]
[WhiteElo "1742"]
[WhiteRD "71"]
[BlackElo "1721"]
[BlackRD "80"]
[GameID "183996"]

1. e4 e5 2. Nf3 Nc6 3. Bb5 f5 4. d3 fxe4 5. dxe4 d6 6. O-O Nf6 7. Re1 Be7 8. Nc3 O-O 9. b3 Be6 10. Bb2 a6
11. Bf1 Bg4 12. h3 Bh5 13. g4 Bg6 14. Bg2 b5 15. Qe2 Nd7 16. Nd5 Nf6 17. Nxf6+ Bxf6 18. Rad1 Qe7 19. Qd2 Rad8 20. g5 Bxg5
21. Qxg5 Qxg5 22. Nxg5 Rf6 23. Nf3 Bh5 24. Re3 Rdf8 25. Rdd3 Bxf3 26. Rxf3 Nb4 27. Rxf6 Rxf6 28. Rc3 Nxa2 29. Rxc7 Nb4 30. Bf1 Rg6+
31. Kh2 Rf6 32. Kg3 Rg6+ 33. Kf3 Rf6+ 34. Ke3 h5 35. Ba3 Na2 36. Rc6 g5 37. Bxd6
1-0

[Event "Snorlax # 13"]
[Site "SchemingMind.com"]
[Date "2008.12.18"]
[Round "-"]
[White "july"]
[Black "desmondw"]
[Result "0-1"]
[WhiteCountry "ARG"]
[BlackCountry "IRL"]
[WhiteElo "1115"]
[WhiteRD "94"]
[BlackElo "1721"]
[BlackRD "80"]
[GameID "183997"]

1. e4 e5 2. a4 Nf6 3. d3 Nc6 4. Bg5 h6 5. Bh4 Be7 6. c3 O-O 7. f3 d5 8. g4 d4 9. Bh3 dxc3 10. Nxc3 Nd4
11. Nge2 Nxf3+ 12. Kf2 Nxh4 13. Kg3 Ng6 14. Kf3 h5 15. d4 hxg4+ 16. Bxg4 Bxg4+ 17. Kf2 Nh5 18. Qd3 Bh4+ 19. Kg2 Nhf4+ 20. Nxf4 Nxf4+
21. Kg1 Nxd3 22. b4 Qxd4+ 23. Kg2 Qxc3 24. Rab1 Qc2+ 25. Kf1 Qxb1+ 26. Kg2 Qc2+ 27. Kg1 Qf2#
0-1

[Event "Snorlax # 13"]
[Site "SchemingMind.com"]
[Date "2008.12.20"]
[Round "-"]
[White "Keith Kelchner"]
[Black "desmondw"]
[Result "0-1"]
[WhiteCountry "USA"]
[BlackCountry "IRL"]
[WhiteElo "1660"]
[WhiteRD "82"]
[BlackElo "1721"]
[BlackRD "80"]
[GameID "183998"]

1. Nf3 d5 2. d4 Nf6 3. Nc3 Nc6 4. Bf4 Bf5 5. a3 e6 6. Nb5 Bd6 7. Bxd6 cxd6 8. e3 e5 9. Bd3 e4 10. Be2 exf3
11. Bxf3 O-O 12. h3 Qd7 13. Nc3 Rfe8 14. O-O Be4 15. Nxe4 Nxe4 16. Qd3 Rac8 17. Rad1 f5 18. Qb5 Qf7 19. Be2 a6 20. Qd3 Re6
21. Rc1 Na5 22. b3 b5 23. a4 Rb8 24. b4 Nc4 25. a5 f4 26. exf4 Qxf4 27. g3 Qg5 28. Bg4 Rf6 29. Bf3 Ncd2 30. Bxe4 dxe4
31. f4 exd3 32. fxg5 Rxf1+ 33. Rxf1 Nxf1 34. Kxf1 dxc2
0-1

[Event "Snorlax # 13"]
[Site "SchemingMind.com"]
[Date "2008.12.20"]
[Round "-"]
[White "baobab"]
[Black "desmondw"]
[Result "0-1"]
[WhiteCountry "ITA"]
[BlackCountry "IRL"]
[WhiteElo "1756"]
[WhiteRD "76"]
[BlackElo "1721"]
[BlackRD "80"]
[GameID "183999"]

1. d4 d5 2. c4 e6 3. Nc3 Nf6 4. Bg5 Nbd7 5. cxd5 exd5 6. Nxd5 c6 7. Nc3 Be7 8. e3 h6 9. Bh4 O-O 10. Bg3 Bb4
11. Qc2 b6 12. Nf3 c5 13. Bb5 Bb7 14. Be2 cxd4 15. exd4 Rc8 16. Qb3 Nd5 17. O-O Bxc3 18. bxc3 Nxc3 19. Bc4 Ne4 20. Rae1 Nxg3
21. fxg3 Nf6 22. Ne5 Bd5 23. Bxd5 Nxd5 24. Rf5 Nf6 25. g4 Qxd4+ 26. Kh1 Qd2 27. Ref1 Rc2 28. Qh3 Rc1 29. Rf2 Rxf1+ 30. Rxf1 Qxa2
31. Nc6 Qe2 32. Ra1 Re8 33. Qg3 a5 34. Nd4 Qb2
0-1

[Event "Snorlax # 13"]
[Site "SchemingMind.com"]
[Date "2008.12.20"]
[Round "-"]
[White "Joe Daudish"]
[Black "desmondw"]
[Result "0-1"]
[WhiteCountry "USA"]
[BlackCountry "IRL"]
[WhiteElo "1746"]
[WhiteRD "43"]
[BlackElo "1649"]
[BlackRD "89"]
[GameID "184000"]

1. d4 d5 2. Nf3 Nc6 3. Bf4 Bf5 4. c3 e6 5. e3 Bd6 6. Bxd6 cxd6 7. Bd3 Bxd3 8. Qxd3 Nf6 9. O-O e5 10. dxe5 dxe5
11. Qc2 e4 12. Nd4 O-O 13. Nxc6 bxc6 14. Nd2 Re8 15. b3 Rc8 16. c4 a5 17. cxd5 cxd5 18. Qb2 Qd6 19. Rac1 Ng4 20. g3 Qh6
21. h4 g5 22. Kg2 Rxc1 23. Qxc1 Re6 24. Rh1 Rc6 25. Qb2 Rf6 26. f4 exf3+ 27. Nxf3 Nxe3+ 28. Kf2 g4 29. Rc1 Rxf3+ 30. Ke2 Qe6
0-1